Lourdes - Choix multiples - Statistiques

Statistiques générales
  • Ce quiz a été pris 54 fois
  • Le résultat moyen est 8 sur 10
Statistiques - réponses
Question Réponse % Correct
Au pied de quelle chaîne de montagnes se situe Lourdes ? Des Pyrénées
100%
Quelle image présente un aspect de Lourdes ?
95%
Quelle sainte a été voyante des apparitions de la très sainte Vierge Marie à Lourdes ? Sainte Bernadette Soubirous
93%
Comment se nomme la grotte dans laquelle apparût la très sainte Vierge Marie ? La grotte de Massabielle
90%
Parmi ces rivières, laquelle coule à Lourdes ? Le gave de Pau
83%
Quelle est la particularité de la Basilique Saint Pie X de Lourdes ? Elle est entièrement souterraine.
73%
Dans quel petit comté se trouvait Lourdes jusqu'en 1789 ? La Bigorre
73%
Quel acteur d'origine juive a déclaré avoir eu un coup de foudre pour la très sainte Vierge Marie après avoir fait un pèlerinage à Lourdes ? Gad Elmaleh
60%
Quelle station de sports d'hiver, régulièrement arrivée d'étape au sommet du Tour de France, est juchée à environ 16 km au-dessus de Lourdes ? Hautacam
58%
Quelle impératrice a fait pression pour que soit réouverte la grotte précédente après la guérison de son fils grâce à l'eau réputée miraculeuse de Lourdes ? Eugénie de Montijo
28%
Aucun quiz correspondant
Distribution des résultats
% des personnes avec chaque résultat
Percentile par nombre de réponses
Votre historique - résultats
Vous n’avez pas pris ce quiz